I'm too fond of my fur! / (Record no. 34122)
[ view plain ]
| 000 -LEADER | |
|---|---|
| fixed length control field | 01496cam a2200409 a 4500 |
| 001 - CONTROL NUMBER | |
| control field | 13645856 |
| 003 - CONTROL NUMBER IDENTIFIER | |
| control field | OSt |
| 005 - DATE AND TIME OF LATEST TRANSACTION | |
| control field | 20140410090706.0 |
| 008 - FIXED-LENGTH DATA ELEMENTS--GENERAL INFORMATION | |
| fixed length control field | 040706s2004 nyuab b 000 1 eng |
| 010 ## - LIBRARY OF CONGRESS CONTROL NUMBER | |
| LC control number | 2004301111 |
| 020 ## - INTERNATIONAL STANDARD BOOK NUMBER | |
| International Standard Book Number | 0439559669 (pbk.) |
| 040 ## - CATALOGING SOURCE | |
| Original cataloging agency | DLC |
| Transcribing agency | DLC |
| Modifying agency | DLC |
| 041 1# - LANGUAGE CODE | |
| Language code of text/sound track or separate title | eng |
| Language code of original and/or intermediate translations of text | ita |
| 042 ## - AUTHENTICATION CODE | |
| Authentication code | lcac |
| 050 00 - LIBRARY OF CONGRESS CALL NUMBER | |
| Classification number | PZ 7 |
| Item number | .St857Tff 2004 |
| 082 00 - DEWEY DECIMAL CLASSIFICATION NUMBER | |
| Classification number | [Fic] |
| 245 00 - TITLE STATEMENT | |
| Title | I'm too fond of my fur! / |
| Statement of responsibility, etc | Geronimo Stilton ; [illustrations by Larry Keys]. |
| 246 1# - VARYING FORM OF TITLE | |
| Title proper/short title | I am too fond of my fur! |
| 260 ## - PUBLICATION, DISTRIBUTION, ETC. (IMPRINT) | |
| Place of publication, distribution, etc | New York : |
| Name of publisher, distributor, etc | Scholastic, |
| Date of publication, distribution, etc | c2004. |
| 300 ## - PHYSICAL DESCRIPTION | |
| Extent | 116 p. : |
| Other physical details | col. ill., col. maps ; |
| Dimensions | 20 cm. |
| 500 ## - GENERAL NOTE | |
| General note | "English translation... by Edizioni Piemme S.p.A."--T.p. verso. |
| 520 ## - SUMMARY, ETC. | |
| Summary, etc | Geronimo follows clues in a diary all the way to Mouse Everest in search of his old friend Professor von Volt who has mysteriously disappeared. |
| 521 0# - TARGET AUDIENCE NOTE | |
| Target audience note | |
| 526 ## - STUDY PROGRAM INFORMATION NOTE | |
| Reading level | 440 |
| 562 ## - COPY AND VERSION IDENTIFICATION NOTE | |
| Number of copies | For circulation. 3 copy in the collection |
| 650 #1 - SUBJECT ADDED ENTRY--TOPICAL TERM | |
| Topical term or geographic name as entry element | Mice |
| Form subdivision | Fiction. |
| 9 (RLIN) | 26239 |
| 650 #1 - SUBJECT ADDED ENTRY--TOPICAL TERM | |
| Topical term or geographic name as entry element | Animals |
| Form subdivision | Fiction. |
| 9 (RLIN) | 26240 |
| 650 #1 - SUBJECT ADDED ENTRY--TOPICAL TERM | |
| Topical term or geographic name as entry element | Journalists |
| Form subdivision | Fiction. |
| 9 (RLIN) | 26241 |
| 650 #1 - SUBJECT ADDED ENTRY--TOPICAL TERM | |
| Topical term or geographic name as entry element | Mountaineering |
| Form subdivision | Fiction. |
| 9 (RLIN) | 26242 |
| 650 #1 - SUBJECT ADDED ENTRY--TOPICAL TERM | |
| Topical term or geographic name as entry element | Adventure and adventurers |
| Form subdivision | Fiction. |
| 9 (RLIN) | 26243 |
| 650 #1 - SUBJECT ADDED ENTRY--TOPICAL TERM | |
| Topical term or geographic name as entry element | Humorous stories. |
| 9 (RLIN) | 3831 |
| 856 42 - ELECTRONIC LOCATION AND ACCESS | |
| Materials specified | Publisher description |
| Uniform Resource Identifier | <a href="http://www.loc.gov/catdir/description/schol051/2004301111.html">http://www.loc.gov/catdir/description/schol051/2004301111.html</a> |
| 906 ## - LOCAL DATA ELEMENT F, LDF (RLIN) | |
| a | 7 |
| b | cbc |
| c | origres |
| d | 2 |
| e | ncip |
| f | 20 |
| g | y-gencatlg |
| 942 ## - ADDED ENTRY ELEMENTS (KOHA) | |
| Source of classification or shelving scheme | Library of Congress Classification |
| Koha item type | Books |
| Withdrawn status | Lost status | Source of classification or shelving scheme | Damaged status | Home library | Current library | Shelving location | Date acquired | Source of acquisition | Total Checkouts | Full call number | Barcode | Date last seen | Copy number | Price effective from | Koha item type |
|---|---|---|---|---|---|---|---|---|---|---|---|---|---|---|---|
| Library of Congress Classification | Luxembourg Library | Luxembourg Library | Scholastic Reading Center Section | 10/08/2013 | Donation | PZ 7 .St857Tff 2004 | LEX2255 | 04/18/2017 | 1 | 10/08/2013 | Books |